Sports Quiz

Random Sports or WWE Quiz

WWE Wrestlemania Main Events Quiz Stats

 Plays Quiz not verified by Sporcle

Challenge
Share
Tweet
Embed
Score 0/27 Timer 08:00
0 Plays Today
% Correct
Wrestlemania
100%
Wrestlemania 24
75%
Wrestlemania 18
75%
Wrestlemania 4
75%
Wrestlemania 8
75%
Wrestlemania 14
75%
Wrestlemania 2
75%
Wrestlemania 27
75%
Wrestlemania 6
75%
Wrestlemania 3
75%
Wrestlemania 11
75%
Wrestlemania 9
75%
Wrestlemania 25
75%
Wrestlemania 15
75%
% Correct
Wrestlemania 22
75%
Wrestlemania 19
75%
Wrestlemania 5
75%
Wrestlemania 26
75%
Wrestlemania 20
75%
Wrestlemania 17
75%
Wrestlemania 13
75%
Wrestlemania 10
75%
Wrestlemania 7
75%
Wrestlemania 23
75%
Wrestlemania 12
75%
Wrestlemania 2000
37.5%
Wrestlemaina 21
0%

You're not logged in!

Compare scores with friends on all Sporcle quizzes.
OR
Log In

You Might Also Like...

Show Comments

Extras

Created Mar 3, 2012ReportNominate
Tags:WWE Quiz, event, wrestlemania

Top Quizzes Today


Score Distribution

Your Account Isn't Verified!

In order to create a playlist on Sporcle, you need to verify the email address you used during registration. Go to your Sporcle Settings to finish the process.

Report this User

Report this user for behavior that violates our Community Guidelines.

Details: